| 000 | 00535nam a22001937a 4500 | ||
|---|---|---|---|
| 999 |
_c525370 _d525370 |
||
| 003 | NUST | ||
| 005 | 20190702042828.0 | ||
| 008 | 190702b ||||| |||| 00| 0 eng d | ||
| 038 | _aMr.Arshad | ||
| 082 |
_a891.4911 _bRAN |
||
| 100 |
_aRana, Nasir _916222 |
||
| 245 |
_aRanga o choo rang / _cNasir Rana |
||
| 260 |
_aLahore : _bPakistan Punjabi Fikri Sanjah, _c2004. |
||
| 300 | _a352 p. ; | ||
| 500 | _aHardcover. | ||
| 880 |
_6100-01\r _aناصیر رانا |
||
| 880 |
_6245-02\r _aرنگا وچوں رنگ / |
||
| 942 |
_2ddc _cBK |
||